Регионална библиотека "Любен Каравелов" - Русе

Градина на желанията (Запис номер 164780)

MARC детайли
000 -Лидер
Контролно поле с фиксирана дължина 01370nam a2200349 c 4500
003 - Код на организацията, давaща контролен номер
Контролно поле BLK
005 - Дата и час на последна редакция
Контролно поле 20180420234911.0
008 - Елементи от данни с фиксирана дължина
fixed length control field 180410b bul|||||r ||||||| ||bul||
010 ## - Наследен системен номер
LC control number KNG00172327000
020 ## - Международен стандартен номер на книга ISBN
Международен стандартен номер на книга ISBN 978-954-399-092-4
-- издат.: СББ Медиа
040 ## - Източник на каталожния запис
Идентификатор на билиотеката - собственик на записа BLK
041 ## - Код за език
Код за езика на текст/звукозапис или на отделно заглавие Български
Код за езика КДБФ Български
072 #7 - Код за тематичната категория
Код организация bullib
Код за тематична категория Н8300
Текст Романтична проза Н
080 ## - УДК
Текстов определител УДК Американска литература (на САЩ)
УДК код - определител по УДК 821.111(73)
УДК определител -31
УДК - код + определител 821.111(73)-31
100 1# - Редна дума - Автор
Автор Алън, Сара Адисън
Авторска отговорност първи автор
R(LIN) 281347
139 ## - Редно поле
Редна дума Алън, Сара Адисън
Авторски знак Алш - А 59
245 10 - Сведения за заглавието
Заглавие Градина на желанията
Подзаглавни данни Роман
Редно поле (дума) Сара Адисън Алън.
257 ## - Страна на издаване
Страна на създаване/издаване Съединени американски щати
260 ## - Област на издателските данни
-- София
Име на издателя, разпространителя и проч. СББ Медиа
Година на издаване 2014
Печатница София : Ропринт
300 ## - Физическа характеристика
Страници 168 с.
Размери/Мащаб 20 см
380 ## - Жанр
Жанр Худож. лит.
490 1# - СЕРИИ (Колекции)
Име на серия Колекция Love Bestsellers
500 ## - Общи забележки
Забележка 1. изд. 2008 на изд. Ера. - Ориг. загл. Garden Spells / Sarah Addison Allen. - Разпространява се със сп. Cosmopolitan.
653 ## - Ключова дума – ненормативна
Ключова дума романтична проза
653 ## - Ключова дума – ненормативна
Ключова дума романи
659 ## - Тематичен бюлетин
Тематичен бюлетин Н
852 ## - Местоположение
Форматна сигнатура Цб 273068
856 4# - Електронен адрес и достъп
Електронен формат pdf - файл
Път до файла /url/
856 4# - Електронен адрес и достъп
Електронен формат pdf - файл
Път до файла /url/
942 ## - АРТИКУЛИ
Вид на библиотечния материал Книги
Скрит в OPAC Не
Koha issues (borrowed), all copies 1
944 ## - СЪЗДАВАНЕ И РЕДАКЦИЯ на ЗАПИСА
Създаване/Редакция Създаване
Дата на регистрацията/редакция 27.02.2015
Служител, извършил регистрацията/редакцията Виолета_Тройчева
944 ## - СЪЗДАВАНЕ И РЕДАКЦИЯ на ЗАПИСА
Създаване/Редакция Редакция
Дата на регистрацията/редакция 15.09.2015
Служител, извършил регистрацията/редакцията Пенка_Димитрова
999 ## - СИСТЕМНИ КОНТРОЛНИ НОМЕРА
Koha biblionumber 164780
Koha biblioitemnumber 164780
Наличности
Код за отписване Код за изгубен артикул Източник на класификационната схема Код за повреда Коз за рестрикции Код за отдаване Артикулен № Име на библиотеката - собственик Име на библиотеката, в която се намира в момента Статус (Текущо местоположение) Дата на вписване в системата Местоположение - отдел Цена в лева Инвентарен номер Систематично азбучна сигнатура Баркод Номер на екземпляра Цена в евро Служебна бележка Служебен тип на артикула
Изтеглен Не е изгубен Universal Decimal Classification Не е повреден без рестрикции заемане за дома 277528 Регионална библиотека "Любен Каравелов" Русе Регионална библиотека "Любен Каравелов" Русе Заемна - подръчен фонд 2015-02-27 Заемна - подръчен фонд 7.00 120000785993 П 820(73)-31/А 59 120000785993 1 3.58 Дост: DA Вид: А N: 6 Дата: 27.02.2015 Книги
  Не е изгубен   Не е повреден без рестрикции ползва се в читалня 277529 Регионална библиотека "Любен Каравелов" Русе Регионална библиотека "Любен Каравелов" Русе Хранилище 2015-09-15 Хранилище 7.00 120000792527 Цб 273068 120000792527 2 3.58 Дост: Dp Вид: Д N: 26 Дата: 11.06.2015 Книги
Vip Innovations Ltd, Rousse, Bulgaria 2025